American History A-Z - Statistics

General Stats
  • This quiz has been taken 26 times
  • The average score is 20 of 26
Answer Stats
Hint Answer % Correct
G Battle where Robert E Lee was beat in Pennsylvania Gettysburg
100%
B The Battle of the _____ nearly broke American lines in 1944 Bulge
96%
D River that Washington crossed in 1776 to fight at Trenton Delaware
96%
Q Canadian province the continental army tried to conquer in 1775 Quebec
96%
I Americans declare _____ on July 4th, 1776 Independence
92%
J First permanent colony established by the English Jamestown
92%
N Country which originally colonized New York Netherlands
92%
R President who used "Big Stick Diplomacy" Roosevelt
92%
A President who became famous at the Battle of New Orleans Andrew Jackson
88%
E Canal completed in 1825 which made transporting cargo much faster Erie Canal
88%
K Forgotten War Korean War
88%
U Network of safe houses used to help slaves escape to freedom Underground Railroad
88%
M Last state to abolish slavery (in 2013!) Mississippi
84%
V State that was independent from 1777-1791 Vermont
80%
W Scandal that lead to resignation of Nixon Watergate
80%
Y The Siege of _____ ended the American Revolution Yorktown
76%
O A bomb was detonated in this city, killing 167 people Oklahoma City
72%
T President who supposedly got stuck in Whitehouse bathtub Taft
72%
F Treaty of Adams-Onis ceded this colony to the US Florida
68%
L First battle of the American Revolution Lexington (& Concord)
68%
S Tribe that beat Custer at Little Bighorn Sioux
64%
H Mercenaries from the German state of _____ were deployed in the Revolution Hesse
60%
P George Washington warned future presidents about the dangers of _____ Political Parties
52%
C America's first type of government was this Confederacy
44%
X The _____ Affair led to conflict with France XYZ
40%
Z Telegram that dragged the US into WW1 Zimmermann
36%
No matching quizzes found
Score Distribution
Percent of People with Each Score
Percentile by Number Answered
Your Score History
You have not taken this quiz